|
|
|
|
| LEADER |
01060nam a2200289 a 4500 |
| 001 |
10655 |
| 003 |
BD-DhAAL |
| 005 |
20150108142735.0 |
| 008 |
150108s1997 bg#abcdj e 001 0 eng d |
| 020 |
|
|
|a 9840903764
|
| 040 |
|
|
|a BD-DhAAL
|c BD-DhAAL
|
| 050 |
0 |
0 |
|a AG5
|b .N33 2009
|
| 082 |
0 |
4 |
|a 030
|2 22
|
| 999 |
|
|
|c 33423
|d 33423
|
| 999 |
|
|
|c 33334
|
| 999 |
|
|
|c 33232
|
| 999 |
|
|
|c 33232
|
| 999 |
|
|
|c 33232
|
| 245 |
0 |
4 |
|a শিশু বিশ্বকোষ :
|b ঝা থেকে প, তৃতীয় খন্ড
|
| 260 |
|
|
|a ঢাকা :
|b বাংলাদেশ শিশু একাডেমী,
|c ১৯৯৭.
|
| 300 |
|
|
|a ৩৬০ পৃ. :
|b চিত্র, ম্যাপ ;
|c ২৫ সে. মি.
|
| 500 |
|
|
|a Includes index.
|
| 541 |
|
|
|e 10655
|
| 650 |
|
0 |
|a Children's encyclopedias
|9 6600
|
| 710 |
|
|
|a বাংলাদেশ শিশু একাডেমী
|9 6601
|
| 942 |
|
|
|2 ddc
|c BK
|
| 952 |
|
|
|0 0
|1 0
|2 ddc
|4 0
|6 030_000000000000000_SHI
|7 0
|9 44671
|a BRACUL
|b BRACUL
|c GEN
|d 2015-01-08
|l 0
|o 030 SHI
|p 3010010655
|r 2015-01-08
|t 1
|w 2015-01-08
|y BK
|